01496cam a22003614i 4500003000900000005001700009008004100026035001900067040003300086082001700119100002800136245018900164264004800353300002600401336002100427337002500448338002300473505046100496526001000957526001000967526001000977526001000987526000800997526000801005526000801013526000801021526000801029526000801037526000801045650003101053700001701084700003301101PE-LiUPU20250731173253.0150625s r 000 0 d a(Sirsi) a35625 aPE-LiUPUbspacPE-LiUPUerda04a239bG252211 aGaraudy, Roger,eautor.10aDel anatema al dialogo /cCon las ponencias de Karl Rahner y J.B. Metz [Traductora de los textos franceses: B. Mira de Maragall. Traductor de los textos alemanes: Michael Faber-Kaiser. 1aEspaña :bLibros del Nopal. Ariel,c1971. a173páginas ;c19cm. atext2rdacontent aunmediated2rdamedia avolume2rdacarrier0 aUtopía Marxista y futuro cristiano del hombre. Karl Rahner.-Del anatema al diálogo. Un marxista se dirige al Concilio, Necesidad y posibilidad del diálogo, Los cristianos se hacen conscientes de lo que en ellos es fundamental, Los marxistas se hacen conscientes de lo que en ellos es fundamental. Roger Garaudy.-El sentido de la vida y de la historia, en la obra de Marx y en la de Teilhard de Chardin. Roger Garaudy.-Respuesta a Garaudy. J. B. Metz. aSEG42 aSEG41 aSEG40 aSEG39 aP94 aP87 aP86 aP85 aP77 aP76 aP3504aSocialismo y cristianismo.1 aRahner, Karl1 aMetz, Johann Baptist (1928-.